Geography Quiz - Difficulty: Impossible - Statistics

General Stats
  • This quiz has been taken 78 times
  • The average score is 5 of 10
Answer Stats
Hint Answer % Correct
Name of the major lake bordering the city of Kampala Lake Victoria
86%
Name of the bay that borders the canadien regions of Ontario, Manitbo & Quebec Hudson's bay
83%
Capital city of Mozambique Maputo
83%
Greenland's major airport Nuuk
77%
Name of Australia's longest river Murray River
68%
The name of the sea to the west of Sri Lanka Laccadive Sea
38%
Full name of the only settlement on the island of Tristan da Cunha Edinburgh of the Seven Seas
33%
The highest point of the island of Borneo Mount Kinabalu
15%
The only country with a mandatory environmental pledge at entry Palau
9%
Archipelago with the moto "Desire the Right" Falkland Islands
5%
No matching quizzes found
Score Distribution
Percent of People with Each Score
Percentile by Number Answered
Your Score History
You have not taken this quiz